• 首页
  • 本馆介绍
  • 公告通知
  • 最新文献
  • 馆藏检索
  • 电子资源
  • 读者导购
  • 参考咨询
  • 我的图书馆
  • 登录
  • 详细信息显示
  • 放入我的书架
  • 预约/预借图书
  • 作者相关作品
  • 分类相关作品
  • 丛书相关作品
  • 出版社相关作品

书目信息

  • 表格格式
  • 工作单格式
  • 卡片格式
题名:
一级学科背景下的城市与景观
    
 
作者: ;华中科技大学建筑与城市规划学院 主编
分册:  
出版信息: 武汉   华中科技大学出版社  2013.01
页数: 401页
开本: 26cm
丛书名:
单 册:
中图分类: TU-856
科图分类:
主题词: 城市景观--景观设计--国际学术会议--文集
电子资源:
ISBN: 978-7-5609-8435-3
000 01061nam0 2200241 45
001 1355738843
005 20130515173347.29
010    @a978-7-5609-8435-3@dCNY66.00
100    @a20130108d2013 em y0chiy50 ea
101 0  @achi
102    @aCN@b420000
105    @aak z 000yy
106    @ar
200 1  @a一级学科背景下的城市与景观@AYi Ji Xue Ke Bei Jing Xia De Cheng Shi Yu Jing Guan@f华中科技大学建筑与城市规划学院主编@FHua Zhong Ke Ji Da Xue Jian Zhu Yu Cheng Shi Gui Hua Xue Yuan Zhu Bian
210    @a武汉@c华中科技大学出版社@d2013.01
215    @a401页@c图@d26cm
300    @a国家自然科学基金:反消极性的高架桥景观及空间研究(项目号:51078159)资助出版
330    @a本书分生态篇、文化篇、技术篇、教育篇,内容包括:城乡规划视角下的生态文明建设、城市核心区步行化空间的发展趋势与建构等。
606 0  @a城市景观@x景观设计@x国际学术会议@j文集
690    @aTU-856@v5
711 02 @a华中科技大学建筑与城市规划学院@AHua Zhong Ke Ji Da Xue Jian Zhu Yu Cheng Shi Gui Hua Xue Yuan@4主编
801    @aCN@bTANGWEI@c20130112
905    @b0832245-49@dTU-856@e105@f5
    
    一级学科背景下的城市与景观/华中科技大学建筑与城市规划学院主编.-武汉:华中科技大学出版社,2013.01
    401页:图;26cm
    国家自然科学基金:反消极性的高架桥景观及空间研究(项目号:51078159)资助出版
    
    ISBN 978-7-5609-8435-3:CNY66.00
    本书分生态篇、文化篇、技术篇、教育篇,内容包括:城乡规划视角下的生态文明建设、城市核心区步行化空间的发展趋势与建构等。
●
相关链接 在E读中查询图书 在五车中查询图书 在当当中查询图书 在豆瓣中查询图书


正题名:一级学科背景下的城市与景观     索取号:TU-856/105         预约/预借

序号 登录号 条形码 馆藏地/架位号 状态 备注
1 0832245   208322457   第二样本阅览室/ [索取号:TU-856/105] 在馆    
2 0832246   208322466   第三借阅区/ [索取号:TU-856/105] 在馆    
3 0832247   208322475   第三借阅区/ [索取号:TU-856/105] 在馆    
4 0832248   208322484   第三借阅区/ [索取号:TU-856/105] 在馆    
5 0832249   208322493   密集书库-资源管理系/ [索取号:TU-856/105] 在馆    
唐山师范学院图书馆 欢迎您!
大连网信软件有限公司© 版权所有